1887 1639 1793 1812 1267 1525 1141 1201 1186 1983 1898 1941 1014 1558 1464 1238 1893 1836 1734 1297 1399 1629 1752 1299 1631 1351 1225 1963 1772 1113 1848 1587 1230 1425 1070 1965 1544 1009 1424 1233 1591 1584 1876 1056 1067 1884 1521 1655 1893 1715 1801 1431 1272 1640 1750 1752 1457 1157 1883 1981 1383 1864 1333 1656 1598 1188 1048 1744 1059 1017 1256 1150 1104 1045 1522 1936 1890 1809 1318 1448 1835 1315 1255 1204 1442 1124 1990 1411 1583 1079 1483 1008 1815 1595 1282 1048 1679 2000 1423 BCNSPRNW ULIB Ver.6.0+V

เปลี่ยนเป็นภาษาไทย

Change to English
 แสดงรายละเอียดบรรณานุกรม
  กลับหน้าหลัก

Brief Record : Get Marc (ISO 2709) : E-mail record : QR code < ปิดหน้าต่าง
LEADER : 00000nam 2200000uu 4500
001    13399126510
003     ULIB
008    181003s2560||||th 000 0 tha d
020    ^a9786167859156
060  4 ^aWK815^bน927
245 00 ^aแนวทางเวชปฏิบัติสำหรับโรคเบาหวาน พ.ศ. 2560 =^bClinical practice guideline for diabetes 2017 /^cจัดทำโดยสมาคมโรคเบาหวานแห่งประเทศไทยในพระบรมราชูปถัมภ์สมเด็จพระเทพรัตนราชสุดาฯ สยามบรมราชกุมารี ... [และอื่น ๆ]
246 31 ^aClinical practice guideline for diabetes 2014
250    ^aพิมพ์ครั้งที่ 2
260    ^a[กรุงเทพฯ] :^bสมาคม,^c2560
300    ^aก-ฎ, 210 หน้า
650  7 ^aเบาหวาน^xการรักษา^xมาตรฐาน
650  7 ^aเบาหวาน^xการป้องกันและควบคุม^xมาตรฐาน
694    ^aHealth sciences branch
710 2^ aสมาคมโรคเบาหวานแห่งประเทศไทยในพระบรมราชูปถัมภ์สมเด็จพระเทพรัตนราชสุดาฯ สยามบรมราชกุมารี
945    ^p0^l0^i004678
999    ^aประนอม เกษจรัล
รายการนี้ยังไม่มีแท็ก
คุณยังไม่ได้ล็อกอิน คุณสามารถมีกิจกรรมร่วมกับเว็บไซต์ได้ แต่ต้องล็อกอินก่อน ::
  ล็อกอิน

รายการสื่อสารสนเทศ

ลำดับที่ ประเภท เลขเรียก/บาร์โค้ด สถานที่ สถานะ
1. วิทยาศาสตร์การแพทย์ และสุขภาพ
หนังสือสำรอง
สถานะ=หนังสือสำรอง
WK815 น927 ฉ.1 
  Barcode: 004678
ห้องสมุดวิทยาเขตสวรรค์ประชารักษ์
►หนังสือทั่วไป
ถูกยืม กำหนดส่งวันที่ 2 ตุลาคม 2568
  จอง

BibComment


ยังไม่เคยถูกคอมเมนท์

คอมเมนท์ทรัพยากรรายการนี้
  คอมเมนท์: แนวทางเวชปฏิบัติ..


 Copyright 2026. Bcnsprnw @Library